书目信息 |
| 题名: |
热学
|
|
| 作者: | 赵凯华 , 罗蔚茵 | |
| 分册: | ||
| 出版信息: | 北京 高等教育出版社 1998.02 |
|
| 页数: | 327页 | |
| 开本: | 16开 | |
| 丛书名: | ||
| 单 册: | ||
| 中图分类: | O551-43 | |
| 科图分类: | ||
| 主题词: | 热学 , 分子运动论 | |
| 电子资源: | ||
| ISBN: | 7-04-006677-7 | |
| 000 | 00574nam0 2200217 45 | |
| 001 | 0011221051 | |
| 005 | 20250328081830.82 | |
| 010 | @a7-04-006677-7@dRMB 22.60 | |
| 100 | @a20001122d1998 km y0chiy0120 ea | |
| 101 | 0 | @achi |
| 105 | @a z 000yy | |
| 200 | 1 | @a热学@ARe Xue@f赵凯华,罗蔚茵@FZhao Kai Hua,Luo Wei Yin |
| 210 | @a北京@c高等教育出版社@d1998.02 | |
| 215 | @a327页@d16开 | |
| 606 | 0 | @a热学 |
| 606 | 0 | @a分子运动论 |
| 690 | @aO551-43@v3 | |
| 701 | 0 | @a赵凯华 |
| 701 | 0 | @a罗蔚茵 |
| 801 | @aCN@bPftUser@c20001122 | |
| 905 | @b418651-655@dO551-43@eZH322@f5 | |
| 热学/赵凯华,罗蔚茵.-北京:高等教育出版社,1998.02 |
| 327页;16开 |
| ISBN 7-04-006677-7:RMB 22.60 |
| ● |
| 相关链接 |
|
|
|
正题名:热学
索取号:O551-43/ZH322
 
预约/预借
| 序号 | 登录号 | 条形码 | 馆藏地/架位号 | 状态 | 备注 |
| 1 | 0335169 | 203351693 | 自科库401/401自科库 59排5列3层/ [索取号:O551-43/ZH322] | 在馆 | |
| 2 | 0335170 | 203351700 | 自科库401/504自科库 42排1列2层/ [索取号:O551-43/ZH322] | 在馆 | |
| 3 | 1574888 | 215748886 | 自科库401/ | 在馆 | |
| 4 | 418651 | 204186512 | 自科库401/401自科库 59排5列3层/ [索取号:O551-43/ZH322] | 在馆 | |
| 5 | 418652 | 204186521 | 自科库401/401自科库 59排5列3层/ [索取号:O551-43/ZH322] | 在馆 | |
| 6 | 418653 | 204186530 | 自科库401/401自科库 59排5列3层/ [索取号:O551-43/ZH322] | 在馆 | |
| 7 | 418654 | 204186549 | 自科库401/401自科库 59排5列3层/ [索取号:O551-43/ZH322] | 在馆 | |
| 8 | 418655 | 204186558 | 自科库401/401自科库 59排5列3层/ [索取号:O551-43/ZH322] | 在馆 |